| 000 | 02946cam a2200481Ma 4500 | ||
|---|---|---|---|
| 001 | 86820 | ||
| 005 | 20230410142342.0 | ||
| 008 | 830707s1982 fr abk is 001 0 fre d | ||
| 035 | _a(OCoLC)ocn185474609 | ||
| 040 |
_aS3O _bswe _cS3O |
||
| 020 | _a2713207835 (EHESS) | ||
| 020 | _a9782713207839 (EHESS) | ||
| 020 | _a2724604571 (FNSP) | ||
| 020 | _a9782724604573 (FNSP) | ||
| 020 | _a222202952X (CNRS) | ||
| 020 | _a9782222029526 (CNRS) | ||
| 035 | _a(OCoLC)185474609 | ||
| 082 | 0 | 0 | _a282/.44/0212 |
| 050 | 1 | 4 |
_aBX 1528 _bB763m 1982 |
| 049 | _aGRAL | ||
| 100 | 1 |
_aBoulard, Fernand, _d1898 |
|
| 245 | 1 | 0 |
_aMatériaux pour l'histoire religieuse du peuple francais : _bXIXe-XXe siaecles, region de Paris Haute- Normandie Pays de Loire Centre / _cFernand Boulard; publies avec la collaboration de Yves-Marie Hilaire ...[et al] ; avant-propos de Francois Furet. |
| 260 |
_aParis : _bEditions de L'Ecole des Hautes Études en Sciences Sociales : _bPresses de la Fondation Nationale des Sciences Politiques : _bEditions du CNRS, _c1982. |
||
| 300 |
_a635 p.: _bill., forms. maps.; _c28cm. |
||
| 500 | _a"Atlas rèalisé au laboratoire de graphique de l'ecole des Hautes Etudes en Sciences Sociales." | ||
| 500 | _aIncludes indexes | ||
| 505 | 0 | _aLexique des tableaux statistiques-- Decompte des pratiquants-- Interpretation du nombre des communiants-- Les pratiqueants des paroisses annexes sont-ils comptés?-- Fréquentation de la messe dominicale-- Age et sexe-- Classes d'age-- Taux de pratique par sexes: problémes d'evatuation-- L'Enquete Nationale sur le Travail Agricole et Industriel -- Tableau general es enquetesDossiers diocesains: Région de Paris-- Région de Haute-Normandie-- Région Pays de Loire-- Région du Centre-- Matriaux: Région de Paris-- Région Haute-Normandie-- Région Pays de Loire-- Région du Centre-- Atlas: Avertissement--Région de Paris-- Région de Haute-Normandie-- Région Pays de Loire-- Région du Centre. | |
| 610 | 2 | 0 |
_aCatholic Church _zFrance _xStatistics |
| 610 | 2 | 0 |
_aCatholic Church _xHistory _y19th century |
| 610 | 2 | 0 |
_aCatholic Church _xHistory _y20th century |
| 651 | 0 |
_aFrance _xChurch history |
|
| 610 | 2 | 0 |
_aIglesia Católica _zFrancia _xEstadísticas |
| 610 | 2 | 0 |
_aIglesia Católica _xHistoria _ySiglo XIX |
| 610 | 2 | 0 |
_aIglesia Católica _xHistoria _ySiglo XX |
| 651 | 4 |
_aFrancia _xHistoria de la Iglesia |
|
| 700 | 1 |
_aHilaire, Yves-Marie. _4edt |
|
| 700 | 1 | _aFuret, François | |
| 740 | 0 | _aRégion de Paris, Haute-Normandie, Pays de Loire, Centre. | |
| 772 | 0 | 0 |
_7p1 _aBoulard, Fernand _tMatériaux pour l'histoire religieuse du peuple franðcais : XIXe-XXe siáecles _cFernand Boulard ; publ. avec la collab. de Yves-Marie Hilaire ... ; atlas réalisé au Laboratoire de graphique de L'Ecole des hautes études en sciences sociales _dParis : Ed. de L'Ecole des hautes études en sci. soc., 1982- _w9904699992 |
| 942 |
_2lcc _cbk |
||
| 994 |
_aC0 _bDRFGD |
||
| 946 | _ardc | ||
| 999 |
_c94108 _d94108 |
||